000 01012nam a2200301Ia 4500
003 OSt
005 20221007123618.0
006 a|||||r|||| 00| 0
007 ta
008 221006b |||||||| |||| 00| 0 eng d
020 _a0849327482 (hbd)
_cRs.4931.34
024 _a77238
037 _b318, 08/03/2007, Ashutosh Technical Books
_cTextbook
040 _aPAPL
_cPAPL
_beng
041 _2eng
_aeng
082 _aC21:(D)0aE140, P6 Carpa
100 _aO'Connell Michael J Ed.
_9717496
245 0 _aCarbon nanotubes: properties and applications
260 _aBoca
_bRaton Taylor & Francis
_c2006
300 _a319p.
_ccm.
500 _aIncludes bibliographical references; Index 315-319p
650 _a Carbon
_9713407
650 _a Nanostructured materials
_9714414
650 _a Tubes
_9717497
650 _aPhysics
942 _hC21:(D)0aE140, P6 Carpa
_cTB
_2CC
999 _c1212197
_d1212197